000 00518nam a2200181Ia 4500
001 19139
005 20260306171722.0
008 260306s9999||||xx |||||||||||||| ||und||
041 _aESP
082 _a658.8
_bL93A 2018
100 _aLovelock, Christopher
_eAUT
245 0 _aAdministración de servicios:
_bestrategias para la creación de valor en el nuevo paradigma de los negocios
260 _c2018
300 _axxii, 663 páginas :
_c27 cm.
650 _aGEN
654 _aCAN
942 _cLIB
_dJUS
_fJUS
_2ddc
_n
999 _c19139
_d19139